Strategické rozhodovanie v medzinárodnom podnikaní

Salvato in:
Dettagli Bibliografici
Autore principale: Sršňová, Jana
Natura: Libro
Lingua:slovacco
Pubblicazione: Bratislava Vydavateľstvo Ekonóm 1998
Soggetti:
Tags: Aggiungi Tag
Nessun Tag, puoi essere il primo ad aggiungerne!!

MARC

LEADER 00000nam a2200000 4500
001 c101917
005 20221123133509.2
020 |a 80-225-0920-5 
041 0 |a slo 
044 |a SK 
245 1 0 |a Strategické rozhodovanie v medzinárodnom podnikaní  |c Jana Sršňová 
264 1 |a Bratislava  |b Vydavateľstvo Ekonóm  |c 1998 
300 |a 155 s. 
610 2 0 |a podnikanie medzinárodné 
610 2 0 |a rozhodovanie strategické 
610 2 0 |a internacionalizácia 
610 2 0 |a trh zahraničný 
610 2 0 |a analýza trhu 
100 1 |a Sršňová, Jana